Pohľad na inovačný rozvoj a verejnú správu

Znalostná ekonomika a hospodársky rast. Inovačné procesy v rozvoji ekonomiky. Znalostná ekonomika a inovácie. Vývoj výdavkov na výskum a vývoj. Vzdelanostná ekonomika a verejná správa.

Gespeichert in:
Bibliographische Detailangaben
1. Verfasser: Kozovský, Dušan
Weitere Verfasser: Černěnko, Tomáš, 1981-
Format: Buchkapitel
Sprache:Slowakisch
Schlagworte:
Tags: Tag hinzufügen
Keine Tags, Fügen Sie das erste Tag hinzu!

MARC

LEADER 00000naa$a2200000$$$4500
001 0067163
005 20240502083200.2
041 0 |a slo 
044 |a CZ 
245 1 0 |a Pohľad na inovačný rozvoj a verejnú správu  |c Dušan Kozovský, Tomáš Černenko 
520 |a Znalostná ekonomika a hospodársky rast. Inovačné procesy v rozvoji ekonomiky. Znalostná ekonomika a inovácie. Vývoj výdavkov na výskum a vývoj. Vzdelanostná ekonomika a verejná správa. 
610 2 0 |a ekonomika vedomostná 
610 2 0 |a inovácia 
610 2 0 |a výskum 
610 2 0 |a vývoj 
610 2 0 |a správa verejná 
100 1 |a Kozovský, Dušan 
700 1 |a Černěnko, Tomáš, 1981-